Beseda o literátovi Kto je kto v dvadsiatom storočí

Podrobná bibliografia
Hlavný autor: gab (Autor)
Médium: Článok
Jazyk:slovenčina
Predmet:

MARC

LEADER 00000nab a2200000 a 4500
001 vtls000226662
003 SK-MaSNL
005 20260302212957.0
008 160215c1985 xo 0 slo
015 |a SNBRB19rr/mm-uuuuu 
035 |a CL0236776 
040 |a SNKBUCL  |b slo  |c SNKBUCL  |e AACR2 
041 0 |a slo 
044 |a xo  |c SK 
080 |a 82:028  |2 1981 
080 |a 028  |2 1981 
080 |a 82  |2 1981 
080 |a 929  |2 1981 
080 |a 885.4  |2 1981 
100 1 |a gab  |4 aut  |9 877302 
245 1 0 |a Beseda o literátovi  |b Kto je kto v dvadsiatom storočí  |c gab 
600 1 7 |a Buchanec, Jozef,  |d 1926-1980  |2 snkbucl  |9 40132 
655 7 |a články z novín a časopisov  |2 snkbucl  |9 267496 
655 7 |a články z odboru literárna veda a krásna literatúra  |2 snkbucl  |9 770045 
773 0 |t Večer  |g Roč. 17, č. 159 (15. 8. 1985), s. /3/ 
850 |a Slovenská národná knižnica v Martine  |a MTA001 
852 |a SNK  |b KIS3GCP 
958 |a BX 
958 |a RK 
958 |a LX 
992 |a RBX 
999 |c 1491495  |d 1493425